000 00355nam a2200169Ia 4500
100 _aHalliday/David/ Resnick/R
250 _a6
942 _cBK
366 _f20
654 _aphysics
245 _aFundamentals of Physics
260 _bWiley India
_aNew Delhi
_c2001
082 _a530/HAL
_bHAL
300 _a1144
546 _aENGLISH
999 _c29271
_d29271